| 000 | 00614nam a22001937a 4500 | ||
|---|---|---|---|
| 003 | MPLRDC | ||
| 005 | 20220105061153.0 | ||
| 008 | 210129b ||||| |||| 00| 0 eng d | ||
| 020 | _a978-986-86857-5-8 | ||
| 082 | _a490.99 COR | ||
| 100 | _a芭芭拉·柯克兰 BARBARA CORCORAN、布鲁斯·立德菲德 BRUCE LITTLEFIELD | ||
| 245 |
_a妈妈教我这样做! _c陈正芬、洪世民 译 |
||
| 250 | _a初版一刷 | ||
| 260 |
_a台湾 _b商业周刊,城邦文化事业股份有限公司 _c2011 |
||
| 300 | _b平 | ||
| 520 | _a新书上架 2018-10-16。 | ||
| 650 | _a企业家 | ||
| 942 |
_cBK _o490.99 COR |
||
| 999 |
_c69857 _d69847 |
||